Logo BPK

Bibliografia Prac Pracowników

Politechniki Koszalińskiej

Identyfikacja parametryczna modelu ogrzewacza wody / (Rekord nr 3012)

Szczegóły MARC
000 -ETYKIETA REKORDU
podpole kontrolne o stałej długości 01622nab a2200241 i 4500
001 - NUMER KONTROLNY REKORDU
podpole kontrolne BPP
003 - IDENTYFIKATOR NUMERU KONTROLNEGO REKORDU
podpole kontrolne BPK
005 - DATA OSTATNIEJ MODYFIKACJI REKORDU
podpole kontrolne 20141008113013.0
008 - POLE O STAŁEJ DŁUGOŚCI - DANE KONTROLNE
podpole kontrolne o stałej długości 141008s2009 pl n f |000 0pol
040 ## - ŹRÓDŁO KATALOGOWANIA
Instytucja, która utworzyła rekord BPK
080 ## - UNIWERSALNA KLASYFIKACJA DZIESIĘTNA - UKD
UKD 536
100 ## - NAZWA OSOBOWA
Nazwa osobowa CHAMERA, Sebastian.
Lata pracy 2007 - .
Instytucja Politechnika Koszalińska - Wydział Mechaniczny,
Wydział Katedra Mechaniki Precyzyjnej
245 ## - TYTUŁ/ODPOWIEDZIALNOŚĆ
Tytuł Identyfikacja parametryczna modelu ogrzewacza wody /
Pozostałe elementy strefy tytułu i oznaczenia odpowiedzialności Sebastian Chamera, Igor Maciejewski, Tomasz Krzyżyński.
260 ## - STREFA ADRESU WYDAWNICZEGO
Data publikacji, dystrybucji/powstania dokumentu 2009.
500 ## - UWAGI OGÓLNE
Tekst uwagi Dane z autopsji.
520 ## - UWAGA DOTYCZĄCA TREŚCI DOKUMENTU
Analiza dokumentacyjna, adnotacja itp. W pracy przedstawiono analizę modelu fizycznego i matematycznego pojemnościowego ogrzewacza wody. Rozwiązanie modelu matematycznego zostało porównane z wynikami badań eksperymentalnych. Za pomocą aproksymacji wyników badań eksperymentalnych otrzymano wartości współczynników przenikania ciepła dla ogrzewaczy dla dwu różnych pojemnościach. Badania tego typu pozwalają na określenie efektywności energetycznej dowolnego ogrzewacza pojemnościowego, gdyż wartość współczynnika przenikania ciepła stanowi o jakości termoizolacji zbiornika z ciepłą wodą użytkową.
650 ## - HASŁO PRZEDMIOTOWE W FORMIE NAZWY OGÓLNEJ LUB JEDNOSTKOWEJ
Nazwa ogólna lub geograficzna Woda ogrzewana.
650 #0 - HASŁO PRZEDMIOTOWE W FORMIE NAZWY OGÓLNEJ LUB JEDNOSTKOWEJ
Nazwa ogólna lub geograficzna Wymienniki ciepła.
700 ## - HASŁO DODATKOWE - NAZWA OSOBOWA
Nazwa osobowa MACIEJEWSKI, Igor.
Lata pracy 2006 - .
Instytucja Politechnika Koszalińska - Wydział Mechaniczny,
Wydział Katedra Mechaniki Precyzyjnej - Zakład Mechatroniki
700 ## - HASŁO DODATKOWE - NAZWA OSOBOWA
Nazwa osobowa KRZYŻYŃSKI, Tomasz.
Lata pracy 1997 - .
Instytucja Politechnika Koszalińska - Wydział Mechaniczny,
Wydział Katedra Mechaniki Precyzyjnej - Zakład Mechatroniki
773 ## - TYTUŁ DOKUMENTU MACIERZYSTEGO
Wyrażenie wprowadzające W :
Tytuł Pomiary Automatyka Kontrola
Informacje dotyczące relacji 2009, nr 9, s. 780-782
942 ## - HASŁO DODATKOWE - ELEMENTY(KOHA)
Typ dokumentu Artykuł
Schemat klasyfikacji Uniwersalna klasyfikacja dziesiętna
Egzemplarze
Wycofany Zagubiony Uszkodzony Dostępność Lokalizacja stała Lokalizacja bieżąca Sygnatura Typ dokumentu
      Dostępny Bibliografia Prac Pracowników - BPK Bibliografia Prac Pracowników - BPK 0275 Artykuł
© 2014 Biblioteka Politechniki Koszalińskiej :: BIBLIOGRAFIA PRAC PRACOWNIKÓW